[Event "Ontario-ch U20"]
[Site "Toronto CAN"]
[Date "2011.02.12"]
[Round "1"]
[White "Kleinman, Michael"]
[Black "Schneider, Corin"]
[Result "1-0"]
[WhiteElo "2255"]
[BlackElo "1494"]
[PlyCount "125"]
[EventDate "2011.02.12"]
[EventType "tourn"]
[EventRounds "4"]
[EventCountry "CAN"]

1. e4 e5 2. Nf3 Nc6 3. Bb5 a6 4. Ba4 Nf6 5. O-O Be7 6. Re1 b5 7. Bb3 d6 8. c3
O-O 9. d4 Bg4 10. Be3 d5 11. exd5 Nxd5 12. dxe5 Nxe3 13. Rxe3 Qxd1+ 14. Bxd1
Bc5 15. Re1 Rfe8 16. Nbd2 Re7 17. Nb3 Bb6 18. Nfd4 Bxd4 19. Nxd4 Nxd4 20. cxd4
Be6 21. Bb3 Rd8 22. Rad1 Bxb3 23. axb3 Red7 24. Rc1 Rxd4 25. Rxc7 Rd2 26. g3
Rxb2 27. e6 fxe6 28. Rxe6 Kh8 29. Rxa6 Rxb3 30. Raa7 Rg8 31. Kg2 Rb2 32. Rab7
h6 33. Rf7 b4 34. Kf3 Kh7 35. Kg4 Kg6 36. Rf5 Rd8 37. h4 Rd4+ 38. f4 Rd8 39.
Rc5 Rf8 40. f5+ Kh7 41. Rcc7 h5+ 42. Kg5 Kg8 43. Kxh5 Rf2 44. Kg5 Rf3 45. Kg4
Rf2 46. Rxb4 Kh8 47. Kg5 Rg2 48. g4 Rd2 49. Rbb7 Rg8 50. Re7 Rd1 51. Re6 Rf1
52. Kg6 Rg1 53. g5 Rf8 54. Rxg7 Rxg5+ 55. hxg5 Rf6+ 56. Kh5 Rxe6 57. fxe6 Kxg7
58. Kg4 Kg6 59. Kf4 Kg7 60. Ke5 Kf8 61. Kf6 Kg8 62. e7 Kh7 63. Kf7 1-0

[Event "Ontario-ch U20"]
[Site "Toronto CAN"]
[Date "2011.02.12"]
[Round "2"]
[White "Sapozhnikov, Roman"]
[Black "Kleinman, Michael"]
[Result "1/2-1/2"]
[WhiteElo "2430"]
[BlackElo "2270"]
[PlyCount "65"]
[EventDate "2011.02.12"]
[EventType "tourn"]
[EventRounds "4"]
[EventCountry "CAN"]

1. d4 Nf6 2. c4 g6 3. Nf3 Bg7 4. g3 O-O 5. Bg2 c5 6. d5 b5 7. cxb5 a6 8. b6
Qxb6 9. O-O d6 10. Nc3 Nbd7 11. Nd2 Bb7 12. Nc4 Qb4 13. Qd3 Nb6 14. Nxb6 Qxb6
15. b3 Nxd5 16. Bxd5 Bxc3 17. Qxc3 Bxd5 18. Bh6 f6 19. Bxf8 Kxf8 20. Rad1 Bf7
21. e4 a5 22. Rb1 Qb4 23. Qe3 Kg7 24. Rfd1 Qa3 25. Qe2 a4 26. Rd3 Rb8 27. Qc2
axb3 28. axb3 Qb4 29. Qd2 Qxd2 30. Rxd2 Rxb3 31. Rxb3 Bxb3 32. Rd3 Bc2 33. Re3
1/2-1/2

[Event "Ontario-ch U20"]
[Site "Toronto CAN"]
[Date "2011.02.13"]
[Round "4"]
[White "Song, Terry"]
[Black "Kleinman, Michael"]
[Result "0-1"]
[WhiteElo "1929"]
[BlackElo "2255"]
[PlyCount "88"]
[EventDate "2011.02.12"]
[EventType "tourn"]
[EventRounds "4"]
[EventCountry "CAN"]

1. e4 c5 2. Nf3 d6 3. d4 cxd4 4. Nxd4 Nf6 5. Nc3 g6 6. Be2 Bg7 7. Be3 Nc6 8.
Qd2 O-O 9. O-O-O Ng4 10. Bxg4 Bxg4 11. f3 Bd7 12. h4 Ne5 13. Qe2 Rc8 14. h5 Nc4
15. Rd3 Qb6 16. Nd1 Qa6 17. Kb1 e5 18. Nb3 Bb5 19. Nc3 Na3+ 20. Kc1 Bxd3 21.
Qxd3 Qxd3 22. cxd3 Nb5 23. Kd2 Nxc3 24. bxc3 Rfd8 25. c4 Rd7 26. Nc1 b5 27.
cxb5 d5 28. hxg6 hxg6 29. Nb3 d4 30. Bh6 Rdc7 31. Bxg7 Rc2+ 32. Kd1 Kxg7 33.
Re1 Rxa2 34. Re2 Rxe2 35. Kxe2 Rb8 36. Kd2 Rxb5 37. Kc2 a5 38. Nd2 Rc5+ 39. Kb3
Rc3+ 40. Ka4 Rxd3 41. Nc4 Rc3 42. Nxa5 d3 43. Kb4 d2 44. Kxc3 d1=Q 0-1

[Event "Ontario-ch U20"]
[Site "Toronto CAN"]
[Date "2011.02.13"]
[Round "5"]
[White "Kleinman, Michael"]
[Black "Cormier, Adam"]
[Result "1/2-1/2"]
[WhiteElo "2255"]
[BlackElo "2033"]
[PlyCount "51"]
[EventDate "2011.02.12"]
[EventType "tourn"]
[EventRounds "4"]
[EventCountry "CAN"]

1. e4 c5 2. Nc3 a6 3. Nge2 d6 4. g3 Nf6 5. Bg2 Nc6 6. O-O e6 7. d4 cxd4 8. Nxd4
Be7 9. b3 O-O 10. Nce2 Qc7 11. c4 Rb8 12. Bb2 Bd7 13. Qd2 b6 14. Rac1 Qb7 15.
Rfd1 Nxd4 16. Qxd4 Bc6 17. Nc3 Rfd8 18. a4 Qd7 19. h3 b5 20. cxb5 axb5 21. axb5
Bxb5 22. e5 Ne8 23. Ne4 d5 24. Nc5 Qc6 25. Ba3 Qb6 26. b4 1/2-1/2

[Event "Toronto Closed"]
[Site "Toronto CAN"]
[Date "2011.01.23"]
[Round "1"]
[White "Kleinman, Michael"]
[Black "Birarov, Vladimir"]
[Result "1/2-1/2"]
[WhiteElo "2246"]
[BlackElo "2257"]
[PlyCount "62"]
[EventDate "2011.01.23"]
[EventType "tourn"]
[EventRounds "7"]
[EventCountry "CAN"]

1. e4 e5 2. Nf3 Nc6 3. Bb5 f5 4. Nc3 fxe4 5. Nxe4 d5 6. Nxe5 dxe4 7. Nxc6 Qd5
8. c4 Qd6 9. Qh5+ g6 10. Qe5+ Qxe5 11. Nxe5+ c6 12. Ba4 Bf5 13. b3 Bg7 14. Bb2
Nh6 15. f4 exf3 16. gxf3 O-O 17. O-O-O a5 18. c5 Rad8 19. Nc4 Rd5 20. Bxg7 Kxg7
21. d4 Rfd8 22. Nxa5 Bc8 23. Rhe1 Nf5 24. b4 Nxd4 25. Kb2 Kf6 26. Re3 g5 27.
Nc4 Nf5 28. Ree1 Be6 29. Nb6 Rd2+ 30. Bc2 Nh4 31. Kc3 Rxd1 1/2-1/2

[Event "Toronto Closed"]
[Site "Toronto CAN"]
[Date "2011.01.30"]
[Round "2"]
[White "Moffat, Andrei"]
[Black "Kleinman, Michael"]
[Result "0-1"]
[WhiteElo "2248"]
[BlackElo "2246"]
[PlyCount "94"]
[EventDate "2011.01.23"]
[EventType "tourn"]
[EventRounds "7"]
[EventCountry "CAN"]

1. e4 c5 2. Nf3 d6 3. d4 cxd4 4. Nxd4 Nf6 5. Nc3 g6 6. Be3 Bg7 7. f3 Nc6 8. Qd2
O-O 9. g4 Be6 10. Nxe6 fxe6 11. O-O-O Ne5 12. Be2 Qc8 13. Bd4 Nfd7 14. f4 Nc4
15. Qd3 Ncb6 16. Bxg7 Kxg7 17. Rdf1 Qc5 18. h4 Rac8 19. h5 Nc4 20. Nd1 Rxf4 21.
h6+ Kh8 22. Rxf4 Qg5 23. Rhf1 e5 24. Qd5 Ndb6 25. Kb1 Qxf4 26. Rxf4 Nxd5 27.
Rf7 Nd2+ 28. Kc1 Nxe4 29. Bf3 Ng5 30. Bxd5 Nxf7 31. Bxf7 Rf8 32. Bd5 b6 33. Kd2
Rf6 34. c4 g5 35. b4 e6 36. Bc6 Rxh6 37. a4 Kg7 38. a5 Rh2+ 39. Kd3 bxa5 40. c5
d5 41. b5 e4+ 42. Ke3 Kf6 43. b6 axb6 44. cxb6 Ke5 45. Nf2 d4+ 46. Ke2 e3 47.
Bg2 Rxg2 0-1

[Event "Toronto Closed"]
[Site "Toronto CAN"]
[Date "2011.02.27"]
[Round "3"]
[White "Kleinman, Michael"]
[Black "Aronov, Yuri"]
[Result "1/2-1/2"]
[WhiteElo "2246"]
[BlackElo "2313"]
[PlyCount "89"]
[EventDate "2011.01.23"]
[EventType "tourn"]
[EventRounds "7"]
[EventCountry "CAN"]

1. e4 c5 2. Nc3 Nc6 3. Bb5 Nd4 4. Bc4 g6 5. Nf3 Bg7 6. Nxd4 cxd4 7. Qf3 Nh6 8.
Ne2 O-O 9. h3 e6 10. d3 f5 11. Qg3 b5 12. Bb3 fxe4 13. dxe4 Bb7 14. f3 Qb6 15.
h4 Nf7 16. h5 g5 17. Bxg5 Nxg5 18. Qxg5 Kh8 19. Nf4 a5 20. a4 bxa4 21. Rxa4 Bc6
22. Nd3 Bxa4 23. Bxa4 Qc7 24. Kf2 Qc4 25. Bb3 Qc6 26. Ne5 Qc7 27. Ng6+ hxg6 28.
hxg6+ Kg8 29. Qe7 Qf4 30. Bxe6+ dxe6 31. Qxe6+ Rf7 32. Rh5 Qf6 33. gxf7+ Qxf7
34. Qxf7+ Kxf7 35. Rc5 a4 36. e5 Rb8 37. b3 a3 38. Ra5 Bf8 39. Ke2 Rc8 40. Kd3
Rc3+ 41. Kxd4 Rxc2 42. g4 Bb4 43. Ra4 a2 44. Kd3 Rc3+ 45. Kd4 1/2-1/2

[Event "Toronto Closed"]
[Site "Toronto CAN"]
[Date "2011.02.15"]
[Round "6"]
[White "Kleinman, Michael"]
[Black "Guo, Joshua"]
[Result "1-0"]
[WhiteElo "2246"]
[BlackElo "2263"]
[PlyCount "65"]
[EventDate "2011.01.23"]
[EventType "tourn"]
[EventRounds "7"]
[EventCountry "CAN"]

1. c4 Nf6 2. Nc3 g6 3. Nf3 Bg7 4. g3 c5 5. Bg2 Nc6 6. O-O O-O 7. d3 d5 8. cxd5
Nxd5 9. Nxd5 Qxd5 10. Be3 Qd6 11. Rc1 Nd4 12. Nxd4 cxd4 13. Bd2 Be6 14. Qa4 Bd5
15. Bb4 Qe6 16. Bxd5 Qxd5 17. Bxe7 Rfe8 18. Rc7 b5 19. Qb3 Qxb3 20. axb3 Rac8
21. Rfc1 Rxc7 22. Rxc7 a6 23. Kg2 Be5 24. Ra7 f5 25. Kf3 Bg7 26. h3 h5 27. b4
Be5 28. h4 Bg7 29. Bd6 Re6 30. Ra8+ Kf7 31. Rxa6 Kf6 32. Rb6 Bf8 33. Bc5 1-0

[Event "Toronto Closed"]
[Site "Toronto CAN"]
[Date "2011.04.03"]
[Round "6"]
[White "Kleinman, Michael"]
[Black "Plotkin, Victor"]
[Result "1/2-1/2"]
[WhiteElo "2246"]
[BlackElo "2403"]
[PlyCount "26"]
[EventDate "2011.01.23"]
[EventType "tourn"]
[EventRounds "7"]
[EventCountry "CAN"]

1. e4 e5 2. Nf3 Nf6 3. Nxe5 d6 4. Nf3 Nxe4 5. d4 d5 6. Bd3 Bd6 7. O-O O-O 8. c4
c6 9. cxd5 cxd5 10. Nc3 Nxc3 11. bxc3 Bg4 12. Rb1 b6 13. h3 Bh5 1/2-1/2

[Event "Toronto Closed"]
[Site "Toronto CAN"]
[Date "2011.03.22"]
[Round "7"]
[White "Sapozhnikov, Roman"]
[Black "Kleinman, Michael"]
[Result "1-0"]
[WhiteElo "2459"]
[BlackElo "2246"]
[PlyCount "123"]
[EventDate "2011.01.23"]
[EventType "tourn"]
[EventRounds "7"]
[EventCountry "CAN"]

1. e4 c5 2. Nc3 e6 3. Nf3 Nc6 4. d4 cxd4 5. Nxd4 Qc7 6. Be3 a6 7. Qd2 Nf6 8.
O-O-O Be7 9. f3 h5 10. Qf2 d6 11. Kb1 Ne5 12. Bg5 b5 13. f4 Nfg4 14. Qg1 Bxg5
15. fxg5 b4 16. Nce2 Ng6 17. Nc1 Bb7 18. h3 N4e5 19. Qe3 d5 20. exd5 Bxd5 21.
Be2 Qb7 22. Nf3 Qa7 23. Nd4 Bxg2 24. Rhe1 Bd5 25. Nd3 Nc4 26. Qf2 Rb8 27. Nf4
Nxf4 28. Qxf4 Rb6 29. Bxc4 Bxc4 30. Nf5 O-O 31. Nxg7 Bxa2+ 32. Kxa2 Kxg7 33.
Qf6+ Kg8 34. g6 fxg6 35. Qxg6+ Qg7 36. Qe4 Rb5 37. Rg1 Rg5 38. Qxe6+ Kh8 39.
Rxg5 Qxg5 40. Rd5 Rf6 41. Qe8+ Qg8 42. Qxh5+ Kg7 43. b3 Qe6 44. Rg5+ Kf8 45.
Qh8+ Ke7 46. Rg7+ Rf7 47. Qh4+ Kd7 48. Qd4+ Ke8 49. Rg8+ Rf8 50. Rxf8+ Kxf8 51.
Qxb4+ Ke8 52. h4 Kd7 53. Qc4 Qb6 54. Qd5+ Ke7 55. h5 Kf6 56. Kb2 a5 57. Qe4 Qc5
58. Qg6+ Ke7 59. Qg7+ Ke8 60. h6 a4 61. h7 a3+ 62. Ka1 1-0

[Event "Berkeley int. op"]
[Site "Berkeley USA"]
[Date "2011.01.02"]
[Round "2"]
[White "Kleinman, Michael"]
[Black "Lee, Andy"]
[Result "1-0"]
[WhiteElo "2127"]
[BlackElo "2271"]
[PlyCount "69"]
[EventDate "2011.01.02"]
[EventType "swiss"]
[EventRounds "10"]
[EventCountry "USA"]

1. e4 e5 2. Nf3 Nc6 3. Bb5 a6 4. Ba4 Nf6 5. O-O b5 6. Bb3 Bc5 7. a4 Rb8 8. c3
d6 9. d4 Bb6 10. a5 Ba7 11. h3 Bb7 12. Re1 O-O 13. Be3 Ra8 14. Nbd2 Re8 15. Qb1
h6 16. Qd3 exd4 17. cxd4 Nxa5 18. Rxa5 c5 19. dxc5 Qxa5 20. cxd6 Bxe3 21. Rxe3
Nd7 22. e5 Qa1+ 23. Re1 Nxe5 24. Bxf7+ Kh8 25. Qc3 Nxf3+ 26. Nxf3 Rxe1+ 27.
Nxe1 Qd1 28. Qe5 Bxg2 29. Kxg2 Rd8 30. Bd5 Qb1 31. d7 Qg6+ 32. Kh2 Qf6 33. Nd3
Rf8 34. Qxf6 gxf6 35. Nf4 1-0

[Event "Titled Tuesday 2024.05.21 Early"]
[Site "chess.com INT"]
[Date "2024.05.21"]
[Round "1"]
[White "Kleinman, Michael"]
[Black "Gorovets, A."]
[Result "0-1"]
[WhiteElo "2387"]
[BlackElo "2480"]
[PlyCount "74"]
[EventDate "2024.05.21"]
[EventType "swiss (blitz)"]
[EventRounds "11"]
[EventCountry "NET"]
[Source "Mark Crowther"]
[SourceDate "2024.05.27"]

1. e4 c5 2. Nf3 Nc6 3. Bb5 e6 4. O-O Nge7 5. Re1 a6 6. Bf1 d5 7. d3 g6 8. g3
Bg7 9. Bg2 O-O 10. c3 b5 11. a4 b4 12. Be3 bxc3 13. bxc3 d4 14. Bd2 a5 15. c4
Nb4 16. Ra3 e5 17. Rf1 Ra6 18. Ne1 f5 19. f4 fxe4 20. Bxe4 Nf5 21. Nf3 exf4 22.
Bxf4 Ne3 23. Bxe3 dxe3 24. Nc3 Bh3 25. Re1 Bd4 26. Qe2 Raf6 27. Nd5 Nxd5 28.
Bxd5+ Kh8 29. Rb3 Qxd5 30. cxd5 Rxf3 31. Rb8 Kg7 32. Rxf8 Rxf8 33. Rb1 Rf2 34.
Rb7+ Kh6 35. Qe1 Rf1+ 36. Qxf1 e2+ 37. Qf2 e1=R# 0-1